Harry Potter commençant par H par images - Statistiques

Statistiques générales
  • Ce quiz a été pris 370 fois
  • Le résultat moyen est 11 sur 16
Statistiques - réponses
Par images Hint Réponse % Correct
Personnage {Harry} Potter
100%
Personnage {Hermione} Granger
100%
Personnage Rubeus {Hagrid}
99%
Chouette {Hedwige}
97%
Animal {Hibou}
88%
Partie de l'âme de Voldemort {Horcruxe}
88%
Lieu Cabane {Hurlante}
82%
Personnage {Horace} Slughorn
79%
Personnage {Helena} Serdaigle
77%
Créature {Hippogriffe}
71%
Personnage {Helga} Poufsouffle
63%
Personnage {Hannah} Abbot
53%
Personnage {Hugo} Granger-Weasley
36%
Boutique {Honeydukes}
25%
Personnage Mafalda {Hopkrik}
24%
Personnage Terence {Higgs}
9%
Aucun quiz correspondant
Distribution des résultats
% des personnes avec chaque résultat
Percentile par nombre de réponses
Votre historique - résultats
Vous n’avez pas pris ce quiz